Journal on Software Engineering (Record no. 10128)
[ view plain ]
| 000 -LEADER | |
|---|---|
| fixed length control field | 00481nam a22001217a 4500 |
| 003 - CONTROL NUMBER IDENTIFIER | |
| control field | OSt |
| 008 - FIXED-LENGTH DATA ELEMENTS--GENERAL INFORMATION | |
| fixed length control field | 201218b ||||| |||| 00| 0 eng d |
| 245 ## - TITLE STATEMENT | |
| Title | Journal on Software Engineering |
| 250 ## - EDITION STATEMENT | |
| Edition statement | 2017(Jan-Mar Vol.11 No.3, Apr-Jun Vol.11 no.4, Jul-Sep Vol.12 No.1, Oct-Dec Vol.12 No.2) 2018(Jan-Mar Vol.12 No.3 Jul-Sep Vol.13 No.1, Oct-Dec Vol.13 No.2) |
| 260 ## - PUBLICATION, DISTRIBUTION, ETC. (IMPRINT) | |
| Place of publication, distribution, etc | Kanyakumari, Tamil Nadu |
| Name of publisher, distributor, etc | I Manager Publications |
| 650 ## - SUBJECT ADDED ENTRY--TOPICAL TERM | |
| Topical term or geographic name as entry element | Bachelor of Computer Application |
| 942 ## - ADDED ENTRY ELEMENTS (KOHA) | |
| Source of classification or shelving scheme | Dewey Decimal Classification |
| Koha item type | BOUND VOLUME |
| Withdrawn status | Lost status | Source of classification or shelving scheme | Materials specified (bound volume or other part) | Damaged status | Not for loan | Collection code | Home library | Current library | Date acquired | Source of acquisition | Serial Enumeration / chronologySerial Enumeration / Volume No. | Total Checkouts | Acc. no. / Barcode | Date last seen | Bill Date | Koha item type |
|---|---|---|---|---|---|---|---|---|---|---|---|---|---|---|---|---|
| Dewey Decimal Classification | Bound Volume | Not For Loan | BCA | PIET C-LIBRARY | PIET C-LIBRARY | 21/12/2020 | I Manager Publications | 2017(Jan-Mar Vol.11 No.3, Apr-Jun Vol.11 no.4, Jul-Sep Vol.12 No.1, Oct-Dec Vol.12 No.2) 2018(Jan-Mar Vol.12 No.3 Jul-Sep Vol.13 No.1, Oct-Dec Vol.13 No.2) | BV869 | 21/12/2020 | 09/01/2017 | BOUND VOLUME |